000 00656nam a22002292a 4500
001 18035
003 BD-RjUL
005 20211209000228.0
008 140219r19581956us 000 0 eng u
035 _a(BD-RjUL) 18093
040 _aFDA
_dUKM
_dEQO
_dBD-RjUL
_beng
_cBD-RjUL
041 _aeng
082 0 0 _a820.8
_218
_bANT 1958
090 _aPR1285
_b.J34
245 1 3 _aAn anthology of English prose, (1400-1900) /
260 _aCambridge [Eng.] :
_bUniversity press,
_c1956 [reprnted 1958].
300 _ax, 206 p. ;
_c19 cm.
650 0 _aEnglish prose literature
_955583
700 1 _aJames, Eirian.
_955442
942 _2ddc
_cBK
999 _c18035
_d18035